[Event "Edmonton Spring Sectional B"]
[Site "Edmonton CAN"]
[Date "2005.04.02"]
[Round "2"]
[White "Balbutin, Nelson"]
[Black "Rekhson, Vladislav"]
[Result "0-1"]
[WhiteElo "2228"]
[BlackElo "2103"]
[PlyCount "76"]
[GameId "2160767910968888"]
[EventDate "2005.04.01"]
[EventType "tourn"]
[EventRounds "5"]
[EventCountry "CAN"]

1. e4 c5 2. Nf3 a6 3. d4 cxd4 4. Nxd4 Nf6 5. Nc3 e5 6. Nf3 Bb4 7. Bc4 Qc7 8. Qd3 b5 9. Bb3 Bb7 10. O-O Bxc3 11. bxc3 Bxe4 12. Qe3 O-O 13. Ng5 Bg6 14. Ba3 Rc8 15. Bb2 Qc5 16. Qg3 h6 17. Nf3 Kh7 18. Nxe5 Ne4 19. Qf4 Nxc3 20. Rae1 d6 21. Nxf7 Nc6 22. Re6 Nd4 23. Bxc3 Nxe6 24. Bxe6 Qxc3 25. Bxc8 Rxc8 26. Nxd6 Rc6 27. Rc1 Qb2 28. Re1 Qxc2 29. h4 Qc5 30. Ne4 Qf5 31. Qg3 Re6 32. f3 Qd5 33. Qg4 Bxe4 34. fxe4 Qxa2 35. h5 Rf6 36. Rf1 Qb2 37. Rf5 b4 38. e5 Qb1+ 0-1

[Event "Edmonton Spring Sectional B"]
[Site "Edmonton CAN"]
[Date "2005.04.02"]
[Round "3"]
[White "Hughey, Micah"]
[Black "Rekhson, Vladislav"]
[Result "1/2-1/2"]
[WhiteElo "2097"]
[BlackElo "2103"]
[PlyCount "35"]
[GameId "2160767910968889"]
[EventDate "2005.04.01"]
[EventType "tourn"]
[EventRounds "5"]
[EventCountry "CAN"]

1. e4 e5 2. Nf3 Nc6 3. Bb5 a6 4. Ba4 Nf6 5. O-O Be7 6. Re1 b5 7. Bb3 Bb7 8. c3 d5 9. exd5 Nxd5 10. Nxe5 Nxe5 11. Rxe5 Nf4 12. d4 Nxg2 13. Bg5 f6 14. Bxf6 gxf6 15. Qh5+ Kd7 16. Qf5+ Ke8 17. Qh5+ Kd7 18. Qf5+ 1/2-1/2

[Event "Edmonton Spring Sectional B"]
[Site "Edmonton CAN"]
[Date "2005.04.03"]
[Round "5"]
[White "Rekhson, Vladislav"]
[Black "Yearwood, Roy"]
[Result "1/2-1/2"]
[WhiteElo "2103"]
[BlackElo "2108"]
[PlyCount "25"]
[GameId "2160767910968890"]
[EventDate "2005.04.01"]
[EventType "tourn"]
[EventRounds "5"]
[EventCountry "CAN"]

1. e4 e5 2. Nf3 Nc6 3. Bb5 a6 4. Ba4 Nf6 5. d3 Bc5 6. c3 b5 7. Bb3 d6 8. Nbd2 O-O 9. h3 Bb7 10. Nf1 d5 11. exd5 Nxd5 12. Ng3 h6 13. O-O 1/2-1/2

[Event "Edmonton Spring Sectional C"]
[Site "Edmonton CAN"]
[Date "2005.04.01"]
[Round "1"]
[White "Aspler, Gerald"]
[Black "Kuczaj, Chris"]
[Result "1-0"]
[WhiteElo "2054"]
[BlackElo "1921"]
[PlyCount "58"]
[GameId "2160767910968891"]
[EventDate "2005.04.01"]
[EventType "tourn"]
[EventRounds "5"]
[EventCountry "CAN"]
[WhiteTeam "Canada"]
[BlackTeam "Canada"]
[WhiteTeamCountry "CAN"]
[BlackTeamCountry "CAN"]

1. c4 e5 2. Nc3 Nc6 3. g3 f5 4. Bg2 Nf6 5. d3 d6 6. Nf3 Be7 7. O-O O-O 8. e3 Kh8 9. a3 a5 10. Rb1 Be6 11. b4 axb4 12. axb4 e4 13. Nd4 Nxd4 14. exd4 d5 15. c5 Qd7 16. Re1 Bf7 17. Qe2 Bh5 18. Qc2 Bg6 19. Qb3 b6 20. Bg5 Bf7 21. Rbd1 Rfb8 22. dxe4 bxc5 23. dxc5 Bxc5 24. Bxf6 Rxb4 25. Bxg7+ Kxg7 26. Qc2 Rc4 27. Qd2 Bb4 28. Qg5+ Kf8 29. Qh6+ Kg8 1-0

[Event "Edmonton Spring Sectional C"]
[Site "Edmonton CAN"]
[Date "2005.04.01"]
[Round "1"]
[White "Newton, Geoff"]
[Black "Daniluk, Jim"]
[Result "0-1"]
[WhiteElo "1911"]
[BlackElo "1941"]
[PlyCount "33"]
[GameId "2160767910968892"]
[EventDate "2005.04.01"]
[EventType "tourn"]
[EventRounds "5"]
[EventCountry "CAN"]
[WhiteTeam "Canada"]
[BlackTeam "Canada"]
[WhiteTeamCountry "CAN"]
[BlackTeamCountry "CAN"]

1. d4 Nf6 2. Nf3 g6 3. c4 Bg7 4. Nc3 d5 5. Bf4 O-O 6. e3 Na6 7. c5 Nh5 8. Be5 f6 9. Bg3 Nxg3 10. hxg3 c6 11. e4 b5 12. Qb3 Nc7 13. a4 a6 14. axb5 axb5 15. Rxa8 Nxa8 16. e5 e6 17. exf6 0-1

[Event "Edmonton Spring Sectional C"]
[Site "Edmonton CAN"]
[Date "2005.04.01"]
[Round "1"]
[White "Regimbald, Adrien"]
[Black "Kazakevich, Anastasia"]
[Result "0-1"]
[WhiteElo "1938"]
[BlackElo "1938"]
[PlyCount "92"]
[GameId "2160767910968893"]
[EventDate "2005.04.01"]
[EventType "tourn"]
[EventRounds "5"]
[EventCountry "CAN"]
[WhiteTeam "Canada"]
[BlackTeam "Canada"]
[WhiteTeamCountry "CAN"]
[BlackTeamCountry "CAN"]

1. d4 d5 2. c4 e6 3. Nf3 c6 4. Bg5 Be7 5. Bxe7 Qxe7 6. e3 Nf6 7. Nbd2 O-O 8. Bd3 Nbd7 9. cxd5 exd5 10. O-O Ne4 11. Qc2 Ndf6 12. Ne5 Nxd2 13. Qxd2 Ng4 14. Nf3 Nh6 15. b4 a6 16. a4 Bf5 17. Rfb1 Rfc8 18. b5 cxb5 19. axb5 axb5 20. h3 Be4 21. Qe2 Nf5 22. Rxa8 Rxa8 23. Rxb5 Ra1+ 24. Kh2 Qc7+ 25. g3 Bxd3 26. Qb2 Bxb5 27. Qxa1 f6 28. Qa8+ Kf7 29. Kg2 Bc4 30. Qa7 Ne7 31. g4 Nc6 32. Qc5 b6 33. Qa3 Ne7 34. Qb4 b5 35. Nh4 Bd3 36. Qb2 Be4+ 37. Nf3 Bxf3+ 38. Kxf3 Qc4 39. h4 b4 40. Qb1 g6 41. h5 b3 42. hxg6+ hxg6 43. g5 Qc2 44. Qf1 b2 45. Qh3 Qf5+ 46. Qxf5 Nxf5 0-1

[Event "Edmonton Spring Sectional C"]
[Site "Edmonton CAN"]
[Date "2005.04.02"]
[Round "2"]
[White "Kuczaj, Chris"]
[Black "Newton, Geoff"]
[Result "1/2-1/2"]
[WhiteElo "1921"]
[BlackElo "1911"]
[PlyCount "27"]
[GameId "2160767910968894"]
[EventDate "2005.04.01"]
[EventType "tourn"]
[EventRounds "5"]
[EventCountry "CAN"]
[WhiteTeam "Canada"]
[BlackTeam "Canada"]
[WhiteTeamCountry "CAN"]
[BlackTeamCountry "CAN"]

1. c4 Nf6 2. Nf3 e6 3. Nc3 d5 4. d4 Nbd7 5. g3 c6 6. Bg2 Bb4 7. Qb3 Qe7 8. O-O O-O 9. Bd2 a5 10. a4 b6 11. Rfe1 Ba6 12. cxd5 exd5 13. Rac1 Rfe8 14. Qc2 1/2-1/2

[Event "Edmonton Spring Sectional C"]
[Site "Edmonton CAN"]
[Date "2005.04.02"]
[Round "3"]
[White "Aspler, Gerald"]
[Black "Kazakevich, Anastasia"]
[Result "0-1"]
[WhiteElo "2054"]
[BlackElo "1970"]
[PlyCount "72"]
[GameId "2160767910968895"]
[EventDate "2005.04.01"]
[EventType "tourn"]
[EventRounds "5"]
[EventCountry "CAN"]
[WhiteTeam "Canada"]
[BlackTeam "Canada"]
[WhiteTeamCountry "CAN"]
[BlackTeamCountry "CAN"]

1. c4 e6 2. d4 d5 3. Nf3 Nf6 4. Nc3 Be7 5. Bg5 Nbd7 6. e3 O-O 7. Bd3 dxc4 8. Bxc4 b6 9. O-O Bb7 10. Rc1 c5 11. Re1 Rc8 12. Bd3 cxd4 13. exd4 Nd5 14. Bd2 N7f6 15. h3 Nb4 16. Bb1 Bxf3 17. Qxf3 Qxd4 18. Rcd1 Qc5 19. Ne4 Nxe4 20. Qxe4 g6 21. Bc3 Rfd8 22. Rc1 Nd5 23. Bd2 Qd6 24. Rcd1 Bf6 25. Bc1 Qb4 26. Qe2 Nf4 27. Qf3 Rxd1 28. Rxd1 Nd5 29. a3 Qc5 30. Be4 Bg7 31. Bb1 Qxc1 32. Bxg6 Qf4 33. Bxh7+ Kxh7 34. Qh5+ Kg8 35. g3 Qh6 36. Qg4 Rc1 0-1

[Event "Edmonton Spring Sectional C"]
[Site "Edmonton CAN"]
[Date "2005.04.03"]
[Round "4"]
[White "Kazakevich, Anastasia"]
[Black "Kuczaj, Chris"]
[Result "1-0"]
[WhiteElo "1939"]
[BlackElo "1921"]
[PlyCount "64"]
[GameId "2160767910968896"]
[EventDate "2005.04.01"]
[EventType "tourn"]
[EventRounds "5"]
[EventCountry "CAN"]
[WhiteTeam "Canada"]
[BlackTeam "Canada"]
[WhiteTeamCountry "CAN"]
[BlackTeamCountry "CAN"]

1. d4 e6 2. c4 f5 3. Nc3 Nf6 4. g3 d5 5. Bg2 c6 6. b3 Bd6 7. Nf3 O-O 8. O-O Nbd7 9. e3 Ne4 10. Qc2 Qe7 11. Bb2 b6 12. Nd2 Nxd2 13. Qxd2 Ba6 14. Rfc1 Nf6 15. cxd5 cxd5 16. Bf1 Bxf1 17. Kxf1 Ne4 18. Qd3 Rac8 19. a4 Bb4 20. f3 Nf6 21. Nb5 g5 22. Bc3 a6 23. Bxb4 Qxb4 24. Na7 Rxc1+ 25. Rxc1 Ne4 26. Ke2 g4 27. fxe4 fxe4 28. Qd2 Qe7 29. Nc6 Qf6 30. Ne5 Qf2+ 31. Kd1 Qf1+ 32. Kc2 Qh3 1-0

[Event "Edmonton Spring Sectional C"]
[Site "Edmonton CAN"]
[Date "2005.04.03"]
[Round "4"]
[White "Regimbald, Adrien"]
[Black "Daniluk, Jim"]
[Result "1-0"]
[WhiteElo "1938"]
[BlackElo "1941"]
[PlyCount "117"]
[GameId "2160767910968897"]
[EventDate "2005.04.01"]
[EventType "tourn"]
[EventRounds "5"]
[EventCountry "CAN"]
[WhiteTeam "Canada"]
[BlackTeam "Canada"]
[WhiteTeamCountry "CAN"]
[BlackTeamCountry "CAN"]

1. d4 Nf6 2. c4 Nc6 3. Nf3 e6 4. Bg5 Bb4+ 5. Nbd2 d5 6. e3 h6 7. Bxf6 gxf6 8. a3 Be7 9. Bd3 Rg8 10. g3 a6 11. Qc2 Kf8 12. Rc1 Bd7 13. cxd5 exd5 14. Nh4 Qe8 15. Bf5 Rh8 16. Nb3 Bd6 17. Nc5 Bxf5 18. Qxf5 Bxc5 19. Rxc5 Qe4 20. Qxe4 dxe4 21. Ke2 Kg7 22. Rhc1 Rab8 23. Ng2 Ne7 24. Rxc7 Rhc8 25. Rxc8 Nxc8 26. Nf4 b5 27. Nd5 a5 28. Rc5 Nd6 29. b3 a4 30. bxa4 bxa4 31. Ra5 Nb5 32. Kf1 Nxa3 33. Rxa4 Rb1+ 34. Kg2 Nc2 35. Nc3 Rb2 36. Kf1 f5 37. Ra2 Rxa2 38. Nxa2 Na3 39. Ke2 Nc4 40. Nc3 Kf6 41. f3 exf3+ 42. Kxf3 Nd2+ 43. Kf4 Nb3 44. Nb5 Nc1 45. g4 Nd3+ 46. Kf3 Nb4 47. gxf5 Kxf5 48. e4+ Kf6 49. Nc7 Nc2 50. Nb5 Nb4 51. Nc3 Nc2 52. Ne2 Ke6 53. Kf4 Nb4 54. d5+ Nxd5+ 55. exd5+ Kxd5 56. Kf5 Kc4 57. h4 Kd3 58. h5 Ke3 59. Kf6 1-0

[Event "Edmonton Spring Sectional C"]
[Site "Edmonton CAN"]
[Date "2005.04.03"]
[Round "5"]
[White "Newton, Geoff"]
[Black "Kazakevich, Anastasia"]
[Result "0-1"]
[WhiteElo "1911"]
[BlackElo "1939"]
[PlyCount "100"]
[GameId "2160767910968898"]
[EventDate "2005.04.01"]
[EventType "tourn"]
[EventRounds "5"]
[EventCountry "CAN"]
[WhiteTeam "Canada"]
[BlackTeam "Canada"]
[WhiteTeamCountry "CAN"]
[BlackTeamCountry "CAN"]

1. e4 c5 2. Nc3 e6 3. g3 Nc6 4. Bg2 Nf6 5. d3 Be7 6. Nge2 a6 7. O-O Qc7 8. Bf4 e5 9. Bg5 d6 10. Bxf6 Bxf6 11. Nd5 Qd8 12. c3 b5 13. f4 Be7 14. a4 Bb7 15. axb5 axb5 16. Rxa8 Bxa8 17. Qb3 b4 18. Ra1 Bb7 19. cxb4 cxb4 20. Nec3 O-O 21. Nb5 exf4 22. gxf4 Bf6 23. Kh1 Ba8 24. Ra4 Nd4 25. Nxd4 Bxd4 26. Qxb4 Bc5 27. Qe1 Bxd5 28. exd5 Qf6 29. Qe2 Rb8 30. Re4 g6 31. Re8+ Rxe8 32. Qxe8+ Kg7 33. Qe1 Qxb2 34. Qf1 Qf6 35. f5 Qh4 36. fxg6 hxg6 37. Qe2 Qd4 38. Qf1 Qe3 39. Bf3 Bd4 40. Be2 f5 41. Qg2 g5 42. h3 Kf6 43. Qf1 Ke5 44. Bf3 Kf4 45. Bg4+ Qf2 46. Qxf2+ Bxf2 47. Be2 Kg3 48. Bf1 f4 49. d4 f3 50. Be2 fxe2 0-1

[Event "Edmonton Spring Sectional E"]
[Site "Edmonton CAN"]
[Date "2005.04.01"]
[Round "1"]
[White "Pua, Richard"]
[Black "Bentley, Bill"]
[Result "1/2-1/2"]
[WhiteElo "1832"]
[BlackElo "1767"]
[PlyCount "62"]
[GameId "2160767910968899"]
[EventDate "2005.04.01"]
[EventType "tourn"]
[EventRounds "5"]
[EventCountry "CAN"]
[WhiteTeam "Canada"]
[BlackTeam "Canada"]
[WhiteTeamCountry "CAN"]
[BlackTeamCountry "CAN"]

1. d4 Nf6 2. Nf3 g6 3. g3 Bg7 4. Bg2 O-O 5. O-O d6 6. c4 Na6 7. Nc3 Rb8 8. e4 e5 9. Re1 exd4 10. Nxd4 Re8 11. Rb1 Bd7 12. b3 Nb4 13. Bb2 a6 14. a3 Nc6 15. Nxc6 Bxc6 16. Nd5 b5 17. Qf3 Bxd5 18. cxd5 b4 19. a4 a5 20. Bxf6 Bxf6 21. Qd3 Bc3 22. Re2 Qc8 23. Rd1 Qb7 24. Re3 Re7 25. Qc4 Rbe8 26. Kf1 Qb6 27. Re2 Kg7 28. Rc1 Qd4 29. Qxd4+ Bxd4 30. Rcc2 Bc3 31. h3 f6 1/2-1/2

[Event "Edmonton Spring Sectional E"]
[Site "Edmonton CAN"]
[Date "2005.04.03"]
[Round "3"]
[White "Pua, Richard"]
[Black "Wihnon, Jason"]
[Result "1-0"]
[WhiteElo "1832"]
[BlackElo "1723"]
[PlyCount "31"]
[GameId "2160767910968900"]
[EventDate "2005.04.01"]
[EventType "tourn"]
[EventRounds "5"]
[EventCountry "CAN"]
[WhiteTeam "Canada"]
[BlackTeam "Canada"]
[WhiteTeamCountry "CAN"]
[BlackTeamCountry "CAN"]

1. c4 e6 2. d4 d5 3. Nc3 c6 4. e3 Nf6 5. Nf3 Nbd7 6. cxd5 exd5 7. Bd3 Bd6 8. Qc2 O-O 9. O-O Re8 10. Re1 Nf8 11. e4 dxe4 12. Nxe4 Nxe4 13. Bxe4 h6 14. Bd2 Ng6 15. Bxg6 fxg6 16. Qxg6 1-0

[Event "Edmonton Spring Sectional E"]
[Site "Edmonton CAN"]
[Date "2005.04.03"]
[Round "5"]
[White "Pua, Richard"]
[Black "Chapman, James"]
[Result "1-0"]
[WhiteElo "1832"]
[BlackElo "1701"]
[PlyCount "64"]
[GameId "2160767910968901"]
[EventDate "2005.04.01"]
[EventType "tourn"]
[EventRounds "5"]
[EventCountry "CAN"]
[WhiteTeam "Canada"]
[BlackTeam "Canada"]
[WhiteTeamCountry "CAN"]
[BlackTeamCountry "CAN"]

1. d4 g6 2. e4 Bg7 3. f4 e6 4. Nf3 Ne7 5. Bd3 d5 6. e5 c5 7. c3 Nbc6 8. Na3 c4 9. Be2 a6 10. Nc2 b5 11. Ne3 Bd7 12. Bd2 a5 13. O-O b4 14. Qe1 Qb6 15. Bxc4 dxc4 16. Nxc4 Qb8 17. Nd6+ Kf8 18. Ng5 Be8 19. Qh4 h6 20. Nge4 Nc8 21. Rac1 Nxd6 22. Nxd6 bxc3 23. bxc3 Qb2 24. Be3 Qxa2 25. Rf2 Qb3 26. f5 gxf5 27. g4 Nxd4 28. Bxd4 fxg4 29. Qxg4 a4 30. Rcf1 Ra7 31. Bxa7 Bxe5 32. Rxf7+ Bxf7 1-0

[Event "Edmonton Spring Sectional F"]
[Site "Edmonton CAN"]
[Date "2005.04.01"]
[Round "1"]
[White "Beebe, Greg"]
[Black "Ramachandran, Adithya"]
[Result "1-0"]
[WhiteElo "1636"]
[BlackElo "1636"]
[PlyCount "33"]
[GameId "2160767910968902"]
[EventDate "2005.04.01"]
[EventType "tourn"]
[EventRounds "5"]
[EventCountry "CAN"]
[WhiteTeam "Canada"]
[BlackTeam "Canada"]
[WhiteTeamCountry "CAN"]
[BlackTeamCountry "CAN"]

1. c4 d5 2. cxd5 Qxd5 3. Nc3 Qd8 4. d4 Nf6 5. e4 e6 6. Nf3 Bb4 7. Qc2 Nc6 8. a3 Be7 9. e5 Nd5 10. Bd3 Nf4 11. Bxf4 Nxd4 12. Nxd4 Qxd4 13. Qa4+ Qxa4 14. Nxa4 Bd7 15. Nc3 f6 16. exf6 Bxf6 17. O-O 1-0

[Event "Edmonton Spring Sectional F"]
[Site "Edmonton CAN"]
[Date "2005.04.01"]
[Round "1"]
[White "Fokkema, Jerred"]
[Black "Amundson, Kristofor"]
[Result "1-0"]
[WhiteElo "1591"]
[BlackElo "1637"]
[PlyCount "69"]
[GameId "2160767910968903"]
[EventDate "2005.04.01"]
[EventType "tourn"]
[EventRounds "5"]
[EventCountry "CAN"]
[WhiteTeam "Canada"]
[BlackTeam "Canada"]
[WhiteTeamCountry "CAN"]
[BlackTeamCountry "CAN"]

1. e4 e5 2. Nf3 Nc6 3. Bc4 Nf6 4. Ng5 d5 5. exd5 b5 6. Bxb5 Qxd5 7. Bxc6+ Qxc6 8. O-O Bd6 9. d3 O-O 10. Nc3 Bf5 11. Qf3 Qd7 12. Nge4 Nxe4 13. Nxe4 Bg4 14. Qg3 f5 15. Nxd6 cxd6 16. f4 e4 17. dxe4 fxe4 18. Be3 d5 19. c3 Rab8 20. Rf2 a5 21. h3 Bf5 22. Rd1 Rf6 23. Kh1 Rg6 24. Qh2 Rh6 25. Kg1 Bxh3 26. f5 Qb5 27. Bxh6 Bg4 28. Qg3 gxh6 29. Qxg4+ Kf7 30. Qh5+ Kg8 31. Qxh6 Rb7 32. f6 Qe8 33. Rxd5 Rf7 34. Rg5+ Kh8 35. Rg7 1-0

[Event "Edmonton Spring Sectional F"]
[Site "Edmonton CAN"]
[Date "2005.04.02"]
[Round "2"]
[White "Beebe, Greg"]
[Black "Fokkema, Jerred"]
[Result "1/2-1/2"]
[WhiteElo "1636"]
[BlackElo "1591"]
[PlyCount "63"]
[GameId "2160767910968904"]
[EventDate "2005.04.01"]
[EventType "tourn"]
[EventRounds "5"]
[EventCountry "CAN"]

1. c4 e5 2. g3 Nf6 3. Bg2 d5 4. cxd5 Nxd5 5. Nf3 Nc6 6. d3 Bc5 7. O-O O-O 8. Nc3 Nxc3 9. bxc3 Bg4 10. Qc2 Kh8 11. Ng5 h6 12. Ne4 Bd6 13. Rb1 Rb8 14. Be3 a6 15. Qd2 Kh7 16. Nxd6 cxd6 17. Rb6 d5 18. Rfb1 Qd7 19. c4 Ne7 20. cxd5 Nxd5 21. Bxd5 Qxd5 22. Bxh6 f6 23. Be3 Bh3 24. f3 Bd7 25. g4 g5 26. Kf2 Bc6 27. Qc2 Kg7 28. Qb3 Qxb3 29. R6xb3 Rh8 30. Kg3 Rh4 31. h3 Rbh8 32. Rh1 1/2-1/2

[Event "Edmonton Spring Sectional F"]
[Site "Edmonton CAN"]
[Date "2005.04.03"]
[Round "5"]
[White "Davies, Bob"]
[Black "Beebe, Greg"]
[Result "1-0"]
[WhiteElo "1687"]
[BlackElo "1636"]
[PlyCount "30"]
[GameId "2160767910968905"]
[EventDate "2005.04.01"]
[EventType "tourn"]
[EventRounds "5"]
[EventCountry "CAN"]
[WhiteTeam "Canada"]
[BlackTeam "Canada"]
[WhiteTeamCountry "CAN"]
[BlackTeamCountry "CAN"]

1. g3 e5 2. Bg2 d5 3. Nf3 Nc6 4. O-O Bc5 5. Nxe5 Nxe5 6. d4 c6 7. dxc5 Be6 8. Bf4 Ng6 9. Bd6 N8e7 10. Bxe7 Qxe7 11. Qd4 f6 12. Nd2 O-O-O 13. Rfe1 h5 14. a4 Ne5 15. b4 g5 1-0

[Event "Edmonton Spring Sectional G"]
[Site "Edmonton CAN"]
[Date "2005.04.01"]
[Round "1"]
[White "Blum, Roger"]
[Black "Mrugala, David"]
[Result "0-1"]
[WhiteElo "1604"]
[BlackElo "1571"]
[PlyCount "90"]
[GameId "2160767910968906"]
[EventDate "2005.04.01"]
[EventType "tourn"]
[EventRounds "5"]
[EventCountry "CAN"]

1. e4 c6 2. d4 d5 3. exd5 cxd5 4. Bd3 Nc6 5. c3 Nf6 6. Bf4 Qb6 7. Qc2 Bg4 8. Nd2 e6 9. Ngf3 Be7 10. O-O Bxf3 11. Nxf3 Rc8 12. Rae1 Nb4 13. Qa4+ Nc6 14. Re2 O-O 15. Rfe1 Na5 16. Ne5 h6 17. Ng6 Rfe8 18. Bb5 Nc6 19. Ne5 a6 20. Bd3 Nxe5 21. Bxe5 Qc6 22. Qd1 Nd7 23. Bf4 b5 24. a3 Nb6 25. Re3 Bd6 26. Bxd6 Qxd6 27. Rg3 f5 28. Qh5 Re7 29. Qg6 Rc6 30. Rh3 Qf4 31. Rhe3 Qc7 32. g4 e5 33. Qxf5 e4 34. Bb1 g6 35. Qxd5+ Nxd5 36. Ba2 Qd6 37. f3 Kg7 38. Bxd5 Qxd5 39. fxe4 Qg5 40. e5 Qxg4+ 41. Kh1 Qe6 42. Rd3 Qd5+ 43. Kg1 Rf7 44. Rde3 Rf4 45. h3 Rf3 0-1

[Event "Edmonton Spring Sectional G"]
[Site "Edmonton CAN"]
[Date "2005.04.01"]
[Round "1"]
[White "Caughlin, Wade"]
[Black "Kazakevich, Alexander"]
[Result "0-1"]
[WhiteElo "1551"]
[BlackElo "1603"]
[PlyCount "97"]
[GameId "2160767910968907"]
[EventDate "2005.04.01"]
[EventType "tourn"]
[EventRounds "5"]
[EventCountry "CAN"]
[WhiteTeam "Canada"]
[BlackTeam "Canada"]
[WhiteTeamCountry "CAN"]
[BlackTeamCountry "CAN"]

1. c4 e6 2. g3 d5 3. Bg2 c6 4. b3 Nf6 5. Bb2 Nbd7 6. Nf3 Bd6 7. O-O O-O 8. d3 Qe7 9. Nbd2 e5 10. cxd5 cxd5 11. Rc1 Nb6 12. d4 e4 13. Ne5 Ng4 14. Nxg4 Bxg4 15. f3 Bf5 16. fxe4 Bxe4 17. Nxe4 dxe4 18. e3 Nd5 19. Qe2 Rae8 20. Rf5 Qe6 21. Bh3 g6 22. Rh5 f5 23. Rh4 Be7 24. Rf4 Nxf4 25. gxf4 Qd5 26. Qc4 Qxc4 27. bxc4 b6 28. Bf1 g5 29. c5 bxc5 30. Bc4+ Kg7 31. dxc5+ Kg6 32. c6 Bd6 33. fxg5 Kxg5 34. Bg7 Bc5 35. Kf2 f4 36. Bxf8 Bxe3+ 37. Kf1 Bxc1 38. Bg7 Be3 39. c7 Bb6 40. Be5 Bxc7 41. Bxc7 Rc8 42. Bxf4+ Kxf4 43. Bb3 Rc3 44. Bg8 h6 45. Be6 Ke3 46. Bg4 Rc1+ 47. Kg2 Rc2+ 48. Kh3 Rxa2 49. Kg3 0-1

[Event "Edmonton Spring Sectional G"]
[Site "Edmonton CAN"]
[Date "2005.04.01"]
[Round "1"]
[White "Pivovarov, Juraj"]
[Black "Piccione, Carmelo"]
[Result "1-0"]
[WhiteElo "1607"]
[BlackElo "1503"]
[PlyCount "53"]
[GameId "2160767910968908"]
[EventDate "2005.04.01"]
[EventType "tourn"]
[EventRounds "5"]
[EventCountry "CAN"]
[WhiteTeam "Canada"]
[BlackTeam "Canada"]
[WhiteTeamCountry "CAN"]
[BlackTeamCountry "CAN"]

1. c4 Nf6 2. g3 Nc6 3. Bg2 b6 4. Nc3 Bb7 5. e4 Ne5 6. d3 e6 7. f4 Ng6 8. Be3 Bb4 9. Nge2 a6 10. O-O O-O 11. Rc1 Ra7 12. a3 Be7 13. h3 Qa8 14. g4 d6 15. Ng3 c5 16. Rc2 Nh4 17. Bh1 d5 18. g5 d4 19. gxf6 Bxf6 20. Bf2 dxc3 21. bxc3 Rd8 22. Nh5 Kh8 23. Bxh4 Bxh4 24. Qg4 g6 25. Qxh4 gxh5 26. Rg2 Rxd3 27. Qf6# 1-0

[Event "Edmonton Spring Sectional G"]
[Site "Edmonton CAN"]
[Date "2005.04.02"]
[Round "2"]
[White "Kazakevich, Alexander"]
[Black "Pivovarov, Juraj"]
[Result "0-1"]
[WhiteElo "1603"]
[BlackElo "1607"]
[PlyCount "44"]
[GameId "2160767910968909"]
[EventDate "2005.04.01"]
[EventType "tourn"]
[EventRounds "5"]
[EventCountry "CAN"]
[WhiteTeam "Canada"]
[BlackTeam "Canada"]
[WhiteTeamCountry "CAN"]
[BlackTeamCountry "CAN"]

1. e4 d6 2. d4 Nf6 3. Nc3 g6 4. f4 Bg7 5. Nf3 c5 6. d5 a6 7. a4 Qc7 8. Bc4 O-O 9. O-O Re8 10. e5 Nfd7 11. e6 fxe6 12. dxe6 Nf6 13. Kh1 Nc6 14. Ng5 Nd4 15. Nd5 Qc6 16. Nxf6+ Bxf6 17. c3 Bxg5 18. fxg5 Bxe6 19. Bxe6+ Nxe6 20. Qg4 Ng7 21. b4 Rf8 22. Rxf8+ Rxf8 0-1

[Event "Edmonton Spring Sectional G"]
[Site "Edmonton CAN"]
[Date "2005.04.02"]
[Round "3"]
[White "Mrugala, David"]
[Black "Kazakevich, Alexander"]
[Result "1/2-1/2"]
[WhiteElo "1571"]
[BlackElo "1603"]
[PlyCount "90"]
[GameId "2160767910968910"]
[EventDate "2005.04.01"]
[EventType "tourn"]
[EventRounds "5"]
[EventCountry "CAN"]
[WhiteTeam "Canada"]
[BlackTeam "Canada"]
[WhiteTeamCountry "CAN"]
[BlackTeamCountry "CAN"]

1. d4 d5 2. c4 e6 3. Nc3 c6 4. Nf3 Nf6 5. Bg5 Nbd7 6. e3 Be7 7. Qc2 h6 8. Bxf6 Nxf6 9. cxd5 exd5 10. Be2 Be6 11. Ne5 O-O 12. O-O Rc8 13. Rfc1 Nd7 14. a3 Nxe5 15. dxe5 f6 16. exf6 Bxf6 17. Rd1 Qe8 18. Rac1 Qf7 19. Bf3 Be5 20. Ne2 Qf6 21. Nd4 Rce8 22. Rd2 Bxd4 23. Rxd4 Qg5 24. Qe2 Re7 25. Bg4 Qf6 26. Bxe6+ Rxe6 27. Rcd1 Qf5 28. h3 Ref6 29. Ra4 a6 30. Rdd4 Qe5 31. Qd2 Qc7 32. Rf4 Rxf4 33. Rxf4 Qe7 34. Qc3 Rf6 35. Rxf6 Qxf6 36. Qb3 Qe7 37. Qb6 Qd7 38. Qd4 Qc7 39. e4 dxe4 40. Qxe4 Qd7 41. Qc4+ Kf8 42. Qf4+ Ke7 43. Qb4+ Kd8 44. Qf8+ Kc7 45. Qf4+ Kb6 1/2-1/2

[Event "Edmonton Spring Sectional G"]
[Site "Edmonton CAN"]
[Date "2005.04.02"]
[Round "3"]
[White "Piccione, Carmelo"]
[Black "Blum, Roger"]
[Result "1-0"]
[WhiteElo "1503"]
[BlackElo "1604"]
[PlyCount "107"]
[GameId "2160767910968911"]
[EventDate "2005.04.01"]
[EventType "tourn"]
[EventRounds "5"]
[EventCountry "CAN"]
[WhiteTeam "Canada"]
[BlackTeam "Canada"]
[WhiteTeamCountry "CAN"]
[BlackTeamCountry "CAN"]

1. e4 c5 2. c3 d5 3. exd5 Qxd5 4. Nf3 Bg4 5. Be2 Nc6 6. O-O Nf6 7. Re1 e6 8. d4 Be7 9. Be3 cxd4 10. cxd4 O-O 11. Nc3 Qd8 12. h3 Bh5 13. Ne5 Bxe2 14. Rxe2 Rc8 15. Rd2 Nd5 16. Nxd5 Qxd5 17. a3 a6 18. Nxc6 Rxc6 19. Qg4 Rfc8 20. Bh6 Bf6 21. Rd3 g6 22. h4 Rc4 23. Rad1 Rc2 24. Qf4 Bh8 25. Rf3 Qd7 26. b4 e5 27. Qe4 exd4 28. h5 Qc6 29. hxg6 hxg6 30. Rxd4 Qxe4 31. Rxe4 Bg7 32. Be3 R2c4 33. Re7 R4c7 34. Rfxf7 Rxe7 35. Rxe7 b5 36. Re6 Ra8 37. Rxg6 Kf7 38. Rc6 Bb2 39. Rc7+ Ke6 40. Bc1 Bd4 41. g3 Kd5 42. Kg2 Re8 43. Rc2 Re1 44. Bb2 Bxb2 45. Rxb2 Kc4 46. f4 Kc3 47. Rf2 Kb3 48. Rf3+ Kb2 49. f5 Re8 50. g4 Rg8 51. Kg3 Ra8 52. g5 a5 53. bxa5 Rxa5 54. g6 1-0

[Event "Edmonton Spring Sectional G"]
[Site "Edmonton CAN"]
[Date "2005.04.02"]
[Round "3"]
[White "Pivovarov, Juraj"]
[Black "Caughlin, Wade"]
[Result "0-1"]
[WhiteElo "1607"]
[BlackElo "1551"]
[PlyCount "32"]
[GameId "2160767910968912"]
[EventDate "2005.04.01"]
[EventType "tourn"]
[EventRounds "5"]
[EventCountry "CAN"]
[WhiteTeam "Canada"]
[BlackTeam "Canada"]
[WhiteTeamCountry "CAN"]
[BlackTeamCountry "CAN"]

1. c4 Nf6 2. g3 e5 3. Bg2 c6 4. d4 exd4 5. Qxd4 d5 6. Bg5 Be7 7. Nc3 dxc4 8. Qxc4 Be6 9. Qa4 O-O 10. Nf3 Nbd7 11. Rd1 Nd5 12. Nd4 h6 13. Bd2 N7b6 14. Qc2 Qc7 15. a3 Rad8 16. O-O Nf6 0-1